Il sequestro cd. liberatorio (art. 687 c.p.)

Detalles Bibliográficos
Autor principal: Trabace, Silvana
Formato: eBook
Lenguaje:italiano
Publicado: Bari : Cacucci Editore, 2010
Materias:
Acceso en línea:http://www.vlex.com/source/6813

MARC

LEADER 00000nam a22000007a 4500
005 20130214172740.0
007 cr|||| ||||
008 130214e2010 it |||||s|||| 00| 0 ita d
020 |a 8866110612 
035 |a 6813 
040 |a vLex 
090 |c 3634  |d 3634 
100 1 0 |a Trabace, Silvana 
245 1 2 |a Il sequestro cd. liberatorio (art. 687 c.p.)  |h [Recurso electrn̤ico]  
256 |a Servicio en ln̕ea 
260 |a Bari :  |b Cacucci Editore,   |c 2010  
300 |a 1 Recurso electrn̤ico 
650 0 4 |a Procedimiento civil  |z Italia 
740 |a vLex Libros (Servicio en ln̕ea) 
856 |a Acceso restringido  |u http://www.vlex.com/source/6813 
942 |c BOOK 
999 0 |a Civil procedure